In search of Jefferson's moose : (رقم التسجيلة. 33367)

تفاصيل مارك
000 -الفاتح
حقل البيانات ثابتة الطول 01520cam a22003374a 4500
001 - رقم الضبط
رقم الضبط 15310797
003 - محدد رقم الضبط
رقم الضبط OSt
005 - وقت وتاريخ اخر تعامل مع التسجيلة
رقم الضبط 20150408114205.0
008 - عناصر البيانات ثابتة الطول - معلومات عامة
حقل البيانات ثابتة الطول 080530s2009 enkab b 001 0 eng
010 ## - رقم ضبط مكتبة الكونجرس
رقم ضبط مكتبة الكونجرس 2008023699
020 ## - الرقم الدولى المعيارى للكتب
الرقم الدولى المعيارى للكتاب 9780195342895 (hbk. : alk. paper)
020 ## - الرقم الدولى المعيارى للكتب
الرقم الدولى المعيارى للكتاب 9780199858217
035 ## - رقم ضبط النظام
رقم ضبط النظام (OCoLC)ocn223876576
035 ## - رقم ضبط النظام
رقم ضبط النظام (OCoLC)223876576
040 ## - مصدر الفهرسة
وكالة الفهرسة الأصلية DLC
وكالة النسخ DLC
وكالة التعديل BTCTA
-- BAKER
-- YDXCP
-- C#P
-- BWX
-- CDX
-- IXA
-- DLC
050 00 - رقم طلب مكتبة الكونجرس
رقم التصنيف K564.C6
رقم المادة P67 2009
082 00 - رقم تصنيف ديوى العشرى
رقم التصنيف 343.0999
رقم الطبعة 22
رقم المادة PDS
100 1# - المدخل الرئيسى - إسم شخصى
الإسم الشخصى Post, David G.
9 (RLIN) 42497
245 10 - بيان العنوان
العنوان In search of Jefferson's moose :
بقية العنوان notes on the state of cyberspace /
بيان المسئوليه,etc David G. Post.
260 ## - PUBLICATION, DISTRIBUTION, ETC. (IMPRINT)
مكان الناشر او الموزع Oxford ;
-- New York :
اسم الناشر او الموزع Oxford University Press,
تاريخ النشر أو التوزيع 2009.
300 ## - الوصف المادى
التعداد xv, 244 p. :
تفاصيل ماديه اخرى للوعاء ill., map ;
أبعاد الوعاء 25 cm.
440 #0 - بيان السلسلة/مدخل إضافى-العنوان
العنوان Law and current events masters
9 (RLIN) 42498
504 ## - تبصرة ببليوجرافية
تبصرة ببليوجرافية,الخ Includes bibliographical references (p. [221]-241) and index.
650 #0 - المدخل الاضافى بالموضوع-مصطلح موضوعى
مصطلح موضوعي أو اسم جغرافي كعنصر مدخل Internet
التقسيم الفرعي العام Law and legislation.
9 (RLIN) 6957
650 #0 - المدخل الاضافى بالموضوع-مصطلح موضوعى
مصطلح موضوعي أو اسم جغرافي كعنصر مدخل Computer networks
التقسيم الفرعي العام Law and legislation.
9 (RLIN) 18321
650 #0 - المدخل الاضافى بالموضوع-مصطلح موضوعى
مصطلح موضوعي أو اسم جغرافي كعنصر مدخل Information superhighway
التقسيم الفرعي العام Law and legislation.
9 (RLIN) 42499
856 41 - الوصول و الموقع الالكترونى
مواد محددة Table of contents only
معرف المصدر الموحد <a href="http://www.loc.gov/catdir/toc/ecip0824/2008023699.html">http://www.loc.gov/catdir/toc/ecip0824/2008023699.html</a>
906 ## - عنصر بيانات محلى F, LDF (RLIN)
a 7
b cbc
c orignew
d 1
e ecip
f 20
g y-gencatlg
942 ## - عناصر المدخل الإضافي( كوها)
مصدر التصنيف او مخطط الترفيف Dewey Decimal Classification
Koha [default] item type DVD
المقتنيات
حالة الفقد نموذج السعر الفعال حالة تلف ليس للاعارة رقم الطلب تاريخ الاكتساب الموقع الحالي الفرع الرئيسي Date last seen نوع المادة فى نظام كوها مصدر التصنيف او خطة الترفيف Total Checkouts
  2014-01-27     343.0999 PDS 2014-01-27 المكتبة المركزية بالمجمعة (CL) المكتبة المركزية بالمجمعة (CL) 2014-01-27 كتاب Dewey Decimal Classification